[Event "FRA-chT rapid"]
[Site "Cappelle la Grande"]
[Date "2025.04.21"]
[Round "14.3"]
[White "Doucet, Pierre Alois"]
[Black "Fressinet, Laurent"]
[Result "0-1"]
[WhiteElo "2048"]
[BlackElo "2561"]
[PlyCount "38"]
[EventDate "2025.04.19"]
[EventType "team-swiss (rapid)"]
[EventRounds "15"]
[EventCountry "FRA"]
[SourceTitle "CB17_2025"]
[SourceDate "2025.04.23"]
[SourceVersion "1"]
[SourceVersionDate "2025.04.23"]
[SourceQuality "1"]

1. Nf3 Nf6 2. d4 g6 3. Bf4 Bg7 4. c4 c5 5. Nc3 cxd4 6. Nxd4 0-0 7. e4 d6 8. Be3 Ng4 9. Be2 Nxe3 10. fxe3 Nc6 11. 0-0 Nxd4 12. exd4 Qb6 13. Nd5 Qxd4+ 14. Qxd4 Bxd4+ 15. Kh1 e6 16. Nc7 Rb8 17. Rab1 a6 18. c5 dxc5 19. Rfc1 Bd7 0-1

[Event "Djerba op-A"]
[Site "Djerba"]
[Date "2025.02.23"]
[Round "9"]
[White "Doucet, Pierre Alois"]
[Black "Chelly, Yahya"]
[Result "0-1"]
[WhiteElo "2027"]
[BlackElo "2106"]
[PlyCount "68"]
[EventDate "2025.02.16"]
[EventType "swiss"]
[EventRounds "9"]
[EventCountry "TUN"]
[SourceTitle "CB09_2025"]
[SourceDate "2025.02.27"]
[SourceVersion "1"]
[SourceVersionDate "2025.02.27"]
[SourceQuality "1"]

1. e4 c6 2. d4 d5 3. exd5 cxd5 4. Bd3 Nc6 5. c3 Nf6 6. Bf4 Bg4 7. Qb3 Qd7 8. Nd2 e6 9. Ngf3 Bd6 10. Bxd6 Qxd6 11. 0-0 0-0 12. Rae1 Bxf3 13. Nxf3 Rab8 14. Ne5 Qc7 15. f4 b5 16. Rf3 b4 17. Rh3 Rfc8 18. Ba6 Rd8 19. Qc2 Nxd4 20. Qa4 Nf5 21. Nc6 Qb6+ 22. Kh1 Ng4 23. Rf1 Nf2+ 24. Rxf2 Qxf2 25. Rf3 Qxb2 26. Nxd8 Rxd8 27. Qxb4 Qxa2 28. Bf1 Qa1 29. Qc5 a5 30. g4 Qd1 31. Qf2 Nd6 32. Rd3 Ne4 33. Qg2 Qe1 34. Kg1 Rc8 0-1

[Event "Djerba Blitz op"]
[Site "Djerba"]
[Date "2025.02.19"]
[Round "3"]
[White "Doucet, Pierre Alois"]
[Black "Benzarti, Thabet"]
[Result "1-0"]
[WhiteElo "2027"]
[BlackElo "1664"]
[PlyCount "101"]
[EventDate "2025.02.19"]
[EventType "swiss (blitz)"]
[EventRounds "9"]
[EventCountry "TUN"]
[SourceTitle "CB09_2025"]
[SourceDate "2025.02.27"]
[SourceVersion "1"]
[SourceVersionDate "2025.02.27"]
[SourceQuality "1"]

1. e4 c6 2. d4 d5 3. exd5 cxd5 4. Bd3 Nc6 5. c3 Nf6 6. Bf4 Bg4 7. Qb3 Qd7 8. Nd2 e6 9. Ngf3 Bd6 10. Bxd6 Qxd6 11. 0-0 0-0 12. h3 Bh5 13. Rae1 Qc7 14. Ne5 Nxe5 15. dxe5 Nd7 16. Qc2 Bg6 17. Bxg6 hxg6 18. Nf3 Rac8 19. Qd2 Nc5 20. Nd4 Ne4 21. Qf4 g5 22. Qe3 Qe7 23. f3 Ng3 24. Rf2 Nh5 25. Kh2 a6 26. Ne2 g6 27. g4 Ng7 28. Nd4 Ne8 29. f4 gxf4 30. Rxf4 Qh4 31. Nf3 Qh6 32. g5 Qh7 33. Rh4 Qg7 34. Rf1 Nc7 35. Nd4 Rfe8 36. Rf6 Re7 37. Qf3 Ne8 38. Rhf4 Rcc7 39. h4 Red7 40. Nxe6 fxe6 41. Rf8+ Kh7 42. Rxe8 Re7 43. Rxe7 Qxe7 44. Rf6 Qg7 45. h5 gxh5 46. Qxh5+ Kg8 47. Rg6 Kf8 48. Rxg7 Kxg7 49. Qh6+ Kf7 50. Qf6+ Ke8 51. Qxe6+ 1-0

[Event "Djerba Blitz op"]
[Site "Djerba"]
[Date "2025.02.19"]
[Round "1"]
[White "Doucet, Pierre Alois"]
[Black "Doucet, Jean Gabriel"]
[Result "1-0"]
[WhiteElo "2027"]
[BlackElo "1506"]
[PlyCount "111"]
[EventDate "2025.02.19"]
[EventType "swiss (blitz)"]
[EventRounds "9"]
[EventCountry "TUN"]
[SourceTitle "CB09_2025"]
[SourceDate "2025.02.27"]
[SourceVersion "1"]
[SourceVersionDate "2025.02.27"]
[SourceQuality "1"]

1. e4 e5 2. Nf3 Nc6 3. Bb5 d6 4. c3 Nf6 5. 0-0 a6 6. Ba4 Be7 7. d4 0-0 8. Bxc6 bxc6 9. dxe5 dxe5 10. Qxd8 Rxd8 11. Nxe5 Bb7 12. Bg5 h6 13. Bxf6 Bxf6 14. Ng4 Be7 15. Ne3 c5 16. Na3 Bxe4 17. Rfe1 Bc6 18. Rad1 Bf6 19. h3 Re8 20. Ng4 Bg5 21. Nc4 Rxe1+ 22. Rxe1 Re8 23. Rxe8+ Bxe8 24. Nge3 Bxe3 25. Nxe3 Bc6 26. f3 f6 27. Kf2 Kf7 28. Nc4 Bd5 29. Nd2 c6 30. b3 Ke6 31. Ke3 g5 32. g3 f5 33. f4 g4 34. hxg4 fxg4 35. Ne4 c4 36. Nc5+ Kd6 37. Nxa6 cxb3 38. axb3 Bxb3 39. Kd4 Bc2 40. Nc5 Bf5 41. Nb7+ Kc7 42. Na5 Kb6 43. Nc4+ Kb5 44. Nd6+ Kb6 45. Nxf5 c5+ 46. Kd5 h5 47. Nh4 Kb5 48. f5 Kb6 49. f6 c4 50. f7 Kb5 51. f8N Kb6 52. Nd7+ Kc7 53. Ne5 Kd8 54. Nxc4 Ke7 55. Ne3 Kf6 56. Nef5 1-0

[Event "Djerba Blitz op"]
[Site "Djerba"]
[Date "2025.02.19"]
[Round "5"]
[White "Doucet, Pierre Alois"]
[Black "Viers, Emmanuel"]
[Result "1-0"]
[WhiteElo "2027"]
[BlackElo "2072"]
[PlyCount "39"]
[EventDate "2025.02.19"]
[EventType "swiss (blitz)"]
[EventRounds "9"]
[EventCountry "TUN"]
[SourceTitle "CB09_2025"]
[SourceDate "2025.02.27"]
[SourceVersion "1"]
[SourceVersionDate "2025.02.27"]
[SourceQuality "1"]

1. e4 c5 2. Nf3 Nc6 3. Bb5 e5 4. 0-0 Nge7 5. c3 g6 6. d4 cxd4 7. cxd4 exd4 8. Nxd4 Bg7 9. Nxc6 bxc6 10. Bc4 d5 11. exd5 cxd5 12. Bb5+ Bd7 13. Bxd7+ Qxd7 14. Nc3 d4 15. Ne2 Rb8 16. Bg5 0-0 17. Qd2 Nf5 18. Rad1 Qb5 19. b3 Rfe8 20. Ng3 1-0

[Event "Djerba Blitz op"]
[Site "Djerba"]
[Date "2025.02.19"]
[Round "6"]
[White "Kobalia, Mihail"]
[Black "Doucet, Pierre Alois"]
[Result "1-0"]
[WhiteElo "2538"]
[BlackElo "2027"]
[PlyCount "85"]
[EventDate "2025.02.19"]
[EventType "swiss (blitz)"]
[EventRounds "9"]
[EventCountry "TUN"]
[SourceTitle "CB09_2025"]
[SourceDate "2025.02.27"]
[SourceVersion "1"]
[SourceVersionDate "2025.02.27"]
[SourceQuality "1"]

1. e4 c6 2. d4 d5 3. exd5 cxd5 4. Bd3 Nc6 5. c3 Nf6 6. Bf4 Bg4 7. Qb3 Qd7 8. Nd2 e6 9. Ngf3 Bd6 10. Bxd6 Qxd6 11. 0-0 0-0 12. Rae1 Bxf3 13. Nxf3 Rab8 14. Qc2 g6 15. Ne5 Nd7 16. f4 f5 17. Nxd7 Qxd7 18. Re3 Rbe8 19. Rfe1 Qd6 20. g3 Nd8 21. Qe2 Rf6 22. Kg2 Kg7 23. Rd1 Nf7 24. c4 Rc8 25. c5 Qe7 26. b4 a6 27. Re1 Nd8 28. a4 Kf7 29. b5 axb5 30. axb5 Ra8 31. Qb2 Qd7 32. Ra1 Qc8 33. Be2 h6 34. Rea3 Rxa3 35. Qxa3 g5 36. Qa8 Qd7 37. Qb8 Rg6 38. Ra8 Ke7 39. c6 Qd6 40. c7 Qa3 41. cxd8Q+ Kf7 42. Qf8+ Qxf8 43. Qxf8# 1-0

[Event "Djerba op-A"]
[Site "Djerba"]
[Date "2025.02.18"]
[Round "3"]
[White "Zaibi, Amir"]
[Black "Doucet, Pierre Alois"]
[Result "1-0"]
[WhiteElo "2352"]
[BlackElo "2027"]
[PlyCount "109"]
[EventDate "2025.02.16"]
[EventType "swiss"]
[EventRounds "9"]
[EventCountry "TUN"]
[SourceTitle "CB09_2025"]
[SourceDate "2025.02.27"]
[SourceVersion "1"]
[SourceVersionDate "2025.02.27"]
[SourceQuality "1"]

1. e4 c6 2. d4 d5 3. Nc3 dxe4 4. Nxe4 Nf6 5. Nxf6+ exf6 6. c3 Bd6 7. Bd3 0-0 8. Qc2 Re8+ 9. Ne2 h5 10. 0-0 h4 11. Bf4 Bg4 12. Rfe1 Bxe2 13. Bxd6 Bxd3 14. Qxd3 Na6 15. Bf4 Qd5 16. c4 Qd7 17. h3 Nc5 18. Rxe8+ Rxe8 19. Qd1 Ne6 20. Be3 Rd8 21. Qb3 f5 22. d5 cxd5 23. cxd5 Qxd5 24. Qxd5 Rxd5 25. Bxa7 Rd2 26. b4 Rb2 27. a3 Rb3 28. Bb6 g5 29. Ba5 g4 30. hxg4 fxg4 31. a4 f5 32. b5 f4 33. Be1 f3 34. gxf3 Rxf3 35. a5 Nd4 36. a6 bxa6 37. bxa6 Rf8 38. Bb4 Ra8 39. Bd6 Kf7 40. Ra4 Nf3+ 41. Kf1 Ke6 42. Bf4 Kf5 43. Bc7 Re8 44. Ra5+ Kg6 45. Ra1 Nd2+ 46. Kg2 h3+ 47. Kh2 Ne4 48. a7 Ra8 49. Bb6 Kf5 50. Be3 Nd6 51. Rb1 Nc8 52. Rb8 Rxa7 53. Rxc8 Rf7 54. Rg8 Rh7 55. Rg5+ 1-0

[Event "Cappelle Online Blitz op"]
[Site "Europe Echecs INT"]
[Date "2022.01.09"]
[Round "1"]
[White "Doucet, Pierre Alois"]
[Black "Courjal, Pauline"]
[Result "1-0"]
[WhiteElo "1185"]
[BlackElo "1942"]
[PlyCount "107"]
[EventDate "2022.01.09"]
[EventType "swiss (blitz)"]
[EventRounds "11"]
[EventCountry "FRA"]
[SourceTitle "EXT 2023"]
[Source "ChessBase"]
[SourceDate "2022.10.05"]
[SourceVersion "1"]
[SourceVersionDate "2022.10.05"]
[SourceQuality "1"]

1. e4 e6 2. d4 d5 3. exd5 exd5 4. Nf3 Bd6 5. c4 c6 6. cxd5 cxd5 7. Nc3 Ne7 8. Bd3 Nbc6 9. 0-0 Bg4 10. Be3 Qd7 11. Be2 0-0 12. Nb5 Bb8 13. Qd3 a6 14. Nc3 Qd6 15. g3 Ba7 16. Ng5 Bf5 17. Qd2 h6 18. Nf3 Bh3 19. Rfe1 Nf5 20. Bf4 Qd7 21. Be3 Nxe3 22. Qxe3 Bg4 23. Ne5 Nxe5 24. Qxe5 Rfe8 25. Bxg4 Qxg4 26. Qxd5 Bxd4 27. Rxe8+ Rxe8 28. Qxb7 Qf5 29. Qg2 Rc8 30. Rc1 Rb8 31. b3 Rc8 32. Ne2 Rd8 33. Nxd4 Rxd4 34. Qf1 Rd2 35. a4 a5 36. h3 Rb2 37. Rc3 g6 38. Kg2 Kg7 39. g4 Qe4+ 40. Rf3 Rxb3 41. Qe2 Rxf3 42. Qxe4 Rf6 43. Qd4 g5 44. f3 Kg6 45. Qc3 Ra6 46. Qd3+ Kg7 47. Qxa6 f6 48. Qxa5 Kg6 49. Qa7 h5 50. a5 h4 51. a6 Kh6 52. Qc7 f5 53. a7 f4 54. a8Q 1-0

[Event "Europe Echecs Blitz May op"]
[Site "Europe Echecs INT"]
[Date "2021.05.09"]
[Round "11"]
[White "Delfosse, Jean Michel"]
[Black "Doucet, Pierre Alois"]
[Result "1-0"]
[WhiteElo "1727"]
[BlackElo "1008"]
[PlyCount "103"]
[EventDate "2021.05.09"]
[EventType "swiss (blitz)"]
[EventRounds "11"]
[EventCountry "FRA"]
[SourceTitle "CBM 202 Extra"]
[Source "ChessBase"]
[SourceDate "2021.07.31"]
[SourceVersion "1"]
[SourceVersionDate "2021.07.31"]
[SourceQuality "1"]

1. e4 d5 2. exd5 Nf6 3. Nc3 Nxd5 4. Nxd5 Qxd5 5. Nf3 Nc6 6. d4 Bg4 7. Be2 0-0-0 8. c3 e5 9. Be3 exd4 10. Nxd4 Bxe2 11. Qxe2 Nxd4 12. cxd4 Bb4+ 13. Kf1 Rhe8 14. a3 Ba5 15. Qf3 Qb5+ 16. Qe2 Qxe2+ 17. Kxe2 Rxd4 18. Rhd1 Rxd1 19. Rxd1 Bb6 20. Rd3 Bxe3 21. fxe3 Re6 22. Rd4 Rb6 23. b4 Ra6 24. Rd3 Rg6 25. g3 Rh6 26. h4 Rg6 27. Kf3 Rd6 28. Rc3 Kd7 29. e4 Rc6 30. Rd3+ Rd6 31. Rc3 c6 32. g4 Ke6 33. Kf4 f6 34. Rg3 h6 35. g5 hxg5+ 36. hxg5 fxg5+ 37. Rxg5 Kf6 38. Rg3 Ke6 39. Rxg7 Rd3 40. Rg3 Rxg3 41. Kxg3 Ke5 42. Kf3 b5 43. Ke3 a6 44. Kd3 Kf4 45. Kd4 Kg5 46. Ke5 Kg6 47. Kd6 Kf6 48. e5+ Kf7 49. Kd7 a5 50. e6+ Kf8 51. e7+ Kf7 52. e8Q+ 1-0

[Event "Europe Echecs Blitz May op"]
[Site "Europe Echecs INT"]
[Date "2021.05.09"]
[Round "8"]
[White "Doucet, Pierre Alois"]
[Black "Mareau, Timothe"]
[Result "0-1"]
[WhiteElo "1008"]
[BlackElo "1603"]
[PlyCount "98"]
[EventDate "2021.05.09"]
[EventType "swiss (blitz)"]
[EventRounds "11"]
[EventCountry "FRA"]
[SourceTitle "CBM 202 Extra"]
[Source "ChessBase"]
[SourceDate "2021.07.31"]
[SourceVersion "1"]
[SourceVersionDate "2021.07.31"]
[SourceQuality "1"]

1. e4 e6 2. d4 d5 3. exd5 exd5 4. Nc3 Bd6 5. Nxd5 Bxh2 6. Qe2+ Be6 7. Rxh2 Qxd5 8. Qf3 Qxf3 9. Nxf3 Nf6 10. Bf4 Nd5 11. Bg3 Nc6 12. Bc4 0-0-0 13. 0-0-0 Ndb4 14. Bxe6+ fxe6 15. c3 Nd5 16. Ne5 Nxe5 17. Bxe5 Rdg8 18. Re1 h5 19. Bg3 Rh6 20. Re5 g5 21. f3 h4 22. Bf2 Nf4 23. Kd2 Rf6 24. Be3 Kd7 25. Bxf4 Rxf4 26. Kd3 Rg6 27. Rh1 Kd6 28. Ra5 a6 29. Ke3 Rf5 30. Ra4 Rb5 31. b3 e5 32. c4 exd4+ 33. Kxd4 Rf5 34. Rb4 c5+ 35. Ke4 Re5+ 36. Kd3 cxb4 37. Rd1 Kc6 38. Kd4 Re2 39. Kd3 Rxg2 40. Ke3 Rxa2 41. Rd5 Rb2 42. Rd3 g4 43. fxg4 Rxg4 44. Kf3 Rg3+ 45. Ke4 Re2+ 46. Kd4 Rxd3+ 47. Kxd3 Re8 48. Kc2 h3 49. Kd3 h2 0-1

[Event "Cappelle Online Blitz op"]
[Site "Europe Echecs INT"]
[Date "2021.03.07"]
[Round "8"]
[White "Godon, Philippe"]
[Black "Doucet, Pierre Alois"]
[Result "0-1"]
[WhiteElo "1818"]
[BlackElo "1008"]
[PlyCount "128"]
[EventDate "2021.03.07"]
[EventType "swiss (blitz)"]
[EventRounds "11"]
[EventCountry "FRA"]
[SourceTitle "CBM 201 Extra"]
[Source "ChessBase"]
[SourceDate "2021.05.31"]
[SourceVersion "1"]
[SourceVersionDate "2021.05.31"]
[SourceQuality "1"]

1. e4 d5 2. d4 dxe4 3. Nc3 Nf6 4. f3 exf3 5. Nxf3 Bg4 6. h3 Bh5 7. g4 Bg6 8. Bg2 e6 9. 0-0 Bd6 10. Bg5 0-0 11. Qe2 Be7 12. Rad1 Nfd7 13. Bf4 Nb6 14. Ne5 N8d7 15. Nxg6 fxg6 16. Bxb7 Rb8 17. Qxe6+ Kh8 18. Bg2 Bf6 19. g5 Bxg5 20. Bxg5 Qxg5 21. Rxf8+ Rxf8 22. a4 Qf6 23. Qxf6 gxf6 24. Re1 Kg7 25. a5 Nc8 26. Bb7 Nd6 27. Re7+ Rf7 28. Rxf7+ Kxf7 29. Bc6 Nb8 30. d5 Ke7 31. Nb5 Nxb5 32. Bxb5 Kd6 33. c4 Nd7 34. b4 Ne5 35. Kf2 Nd3+ 36. Ke3 Nxb4 37. Kd4 a6 38. c5+ Ke7 39. Be2 f5 40. Bd1 c6 41. d6+ Ke6 42. Kc4 Nd5 43. Bf3 g5 44. Bxd5+ cxd5+ 45. Kd4 h5 46. d7 Kxd7 47. Kxd5 f4 48. Ke4 Kc6 49. h4 g4 50. Kxf4 Kxc5 51. Kg5 g3 52. Kxh5 g2 53. Kh6 g1Q 54. h5 Qe3+ 55. Kh7 Kb5 56. h6 Kxa5 57. Kh8 Kb4 58. h7 Qh3 59. Kg8 Qxh7+ 60. Kxh7 a5 61. Kg6 a4 62. Kf5 a3 63. Ke4 Kc3 64. Ke3 a2 0-1

[Event "Cappelle Online Blitz op"]
[Site "Europe Echecs INT"]
[Date "2021.03.07"]
[Round "10"]
[White "Le Marec, Laura"]
[Black "Doucet, Pierre Alois"]
[Result "1-0"]
[WhiteElo "1714"]
[BlackElo "1008"]
[PlyCount "145"]
[EventDate "2021.03.07"]
[EventType "swiss (blitz)"]
[EventRounds "11"]
[EventCountry "FRA"]
[SourceTitle "CBM 201 Extra"]
[Source "ChessBase"]
[SourceDate "2021.05.31"]
[SourceVersion "1"]
[SourceVersionDate "2021.05.31"]
[SourceQuality "1"]

1. c4 Nf6 2. Nc3 c6 3. e4 Qc7 4. d4 d6 5. Nf3 Bg4 6. Be2 Nbd7 7. h3 Bh5 8. 0-0 e5 9. Be3 Be7 10. d5 0-0 11. Rc1 Rad8 12. b4 Nb6 13. c5 dxc5 14. bxc5 Nc8 15. d6 Nxd6 16. cxd6 Bxd6 17. Qc2 b6 18. Rfd1 c5 19. Nb5 Qc6 20. Nxd6 Rxd6 21. Rxd6 Qxd6 22. Rd1 Qc6 23. Nxe5 Qe6 24. Bxh5 Nxh5 25. Nf3 Nf6 26. e5 Nd5 27. Bg5 h6 28. Bh4 Nf4 29. Bg3 Nh5 30. Bh2 Qe7 31. Qe4 Nf6 32. Qe2 Re8 33. Re1 Nd7 34. a4 f6 35. e6 Ne5 36. Bxe5 fxe5 37. Qxe5 Kf8 38. Rd1 Qxe6 39. Qxe6 Rxe6 40. Rd7 Re7 41. Rxe7 Kxe7 42. Kf1 Kd6 43. Ke2 Kd5 44. Kd3 c4+ 45. Kc3 Kc5 46. Nd2 a6 47. Nxc4 b5 48. axb5 axb5 49. Nd2 b4+ 50. Kd3 Kd5 51. f4 g6 52. Nb3 Kc6 53. g4 Kb5 54. h4 Kc6 55. Kd4 Kd6 56. Ke4 Ke6 57. f5+ gxf5+ 58. gxf5+ Kf6 59. Kf4 h5 60. Nd4 Kg7 61. Kg5 Kf7 62. Kxh5 Kf6 63. Kg4 Kg7 64. Kg5 Kh7 65. Kf6 Kh6 66. Ke7 Kh5 67. f6 Kxh4 68. f7 Kg5 69. f8Q Kg6 70. Qf6+ Kh7 71. Qg5 b3 72. Kf7 b2 73. Qg7# 1-0

[Event "Cappelle Online Rapid op"]
[Site "Europe Echecs INT"]
[Date "2021.03.06"]
[Round "3"]
[White "Doucet, Pierre Alois"]
[Black "Roussat, Fabien"]
[Result "1-0"]
[WhiteElo "1008"]
[BlackElo "1681"]
[PlyCount "183"]
[EventDate "2021.03.06"]
[EventType "swiss (rapid)"]
[EventRounds "9"]
[EventCountry "FRA"]
[SourceTitle "CBM 201 Extra"]
[Source "ChessBase"]
[SourceDate "2021.05.31"]
[SourceVersion "1"]
[SourceVersionDate "2021.05.31"]
[SourceQuality "1"]

1. d4 d5 2. c4 e6 3. Nc3 Be7 4. Nf3 Nf6 5. Bf4 0-0 6. e3 b6 7. Nb5 dxc4 8. Bxc4 a6 9. Nxc7 Nh5 10. Nxa8 Nxf4 11. exf4 Bb4+ 12. Ke2 Bb7 13. a3 Be7 14. Re1 Bxa8 15. Kf1 b5 16. Ba2 Bf6 17. Ne5 Nc6 18. Nxc6 Bxc6 19. Rc1 Bd5 20. Bxd5 Qxd5 21. Rc5 Qxd4 22. Qxd4 Bxd4 23. Rc6 a5 24. b3 b4 25. axb4 axb4 26. Rc4 Bc3 27. Ra1 Rd8 28. Rc1 h6 29. Rc2 Rd1+ 30. Ke2 Re1+ 31. Kf3 Rb1 32. Rc8+ Kh7 33. R2xc3 bxc3 34. Rxc3 Kg6 35. Re3 Kf6 36. Kg4 g6 37. g3 Rb2 38. Kf3 h5 39. h3 Rb1 40. g4 hxg4+ 41. hxg4 g5 42. Ke4 gxf4 43. Kxf4 Rb2 44. f3 Rb1 45. Kg3 e5 46. f4 Rg1+ 47. Kf2 Rxg4 48. fxe5+ Ke6 49. Kf3 Rg1 50. Kf2 Rb1 51. Kf3 Rb2 52. Kf4 Rb1 53. Ke4 Rd1 54. Kf4 Rd4+ 55. Re4 Rd3 56. b4 Rb3 57. Rc4 Rb1 58. Ke3 Kxe5 59. Rc5+ Ke6 60. Rb5 Kd6 61. Rf5 Ke6 62. Rb5 Rb3+ 63. Ke4 f5+ 64. Kf4 Rb1 65. Rb6+ Kd5 66. Kxf5 Kc4 67. Rc6+ Kd5 68. Rc5+ Kd6 69. Rb5 Kc6 70. Rb8 Kc7 71. Rb5 Kc6 72. Rb8 Rf1+ 73. Ke4 Rb1 74. Kd3 Kc7 75. Kc2 Kxb8 76. Kxb1 Kb7 77. Kb2 Kb6 78. Kb3 Kb5 79. Kc3 Kb6 80. Kb3 Kb5 81. Ka3 Kb6 82. Ka4 Ka6 83. b5+ Kb6 84. Kb4 Kb7 85. Kc5 Kc7 86. b6+ Kb7 87. Kb5 Kb8 88. Ka5 Ka8 89. Ka6 Kb8 90. b7 Kc7 91. Ka7 Kd6 92. b8Q+ 1-0

[Event "Cappelle Online Bullet op"]
[Site "Europe Echecs INT"]
[Date "2021.03.05"]
[Round "13"]
[White "Doucet, Pierre Alois"]
[Black "Avron, David"]
[Result "1-0"]
[WhiteElo "1008"]
[BlackElo "1965"]
[PlyCount "71"]
[EventDate "2021.03.05"]
[EventType "swiss (blitz)"]
[EventRounds "15"]
[EventCountry "FRA"]
[SourceTitle "EXT 2022"]
[Source "ChessBase"]
[SourceDate "2021.10.06"]
[SourceVersion "1"]
[SourceVersionDate "2021.10.06"]
[SourceQuality "1"]

1. e4 c5 2. Nf3 Nc6 3. d4 cxd4 4. Nxd4 Nf6 5. Nxc6 bxc6 6. e5 Nd5 7. Bc4 Nb6 8. Bb3 d5 9. exd6 exd6 10. Nc3 d5 11. Bf4 Be7 12. 0-0 0-0 13. Re1 Be6 14. Qe2 Rc8 15. Nd1 Bf6 16. Rb1 a5 17. a3 a4 18. Ba2 Re8 19. b3 Nd7 20. Qd3 Nc5 21. Qe3 Ne4 22. f3 axb3 23. Bxb3 Nd6 24. Qc5 Nf5 25. Ne3 Nxe3 26. Rxe3 Qe7 27. Qxe7 Rxe7 28. Bd6 Rd7 29. Bb4 c5 30. Ba4 Rdc7 31. Ba5 Ra7 32. Rb5 d4 33. Rd3 Bc4 34. Bb6 Rxa4 35. Rxc5 Rxa3 36. Rxc8+ 1-0

[Event "Cappelle Online Bullet op"]
[Site "Europe Echecs INT"]
[Date "2021.03.05"]
[Round "5"]
[White "Doucet, Pierre Alois"]
[Black "Saba, Nathalie"]
[Result "0-1"]
[WhiteElo "1008"]
[BlackElo "1626"]
[PlyCount "138"]
[EventDate "2021.03.05"]
[EventType "swiss (blitz)"]
[EventRounds "15"]
[EventCountry "FRA"]
[SourceTitle "EXT 2022"]
[Source "ChessBase"]
[SourceDate "2021.10.06"]
[SourceVersion "1"]
[SourceVersionDate "2021.10.06"]
[SourceQuality "1"]

1. c4 Nf6 2. b3 e6 3. Bb2 Be7 4. Nf3 0-0 5. e3 d5 6. cxd5 Nxd5 7. d4 Bf6 8. Bc4 c6 9. 0-0 b5 10. Bd3 a5 11. Qc2 a4 12. Bxh7+ Kh8 13. bxa4 g6 14. Bxg6 fxg6 15. Qxg6 Bg7 16. axb5 c5 17. Ne5 Qf6 18. Qxf6 Bxf6 19. dxc5 Nd7 20. Nxd7 Bxd7 21. Bxf6+ Rxf6 22. Nd2 Bxb5 23. e4 Bxf1 24. exd5 Bb5 25. dxe6 Rxe6 26. g3 Rae8 27. h3 Re1+ 28. Rxe1 Rxe1+ 29. Kh2 Re2 30. Nf3 Rxf2+ 31. Kg1 Rxf3 32. Kg2 Ra3 33. h4 Rxa2+ 34. Kh3 Bc6 35. Kg4 Ra3 36. Kg5 Rc3 37. g4 Rxc5+ 38. Kf4 Kg7 39. Kg3 Kg6 40. h5+ Kg5 41. Kh3 Rc4 42. Kh2 Rxg4 43. Kh3 Rh4+ 44. Kg3 Rxh5 45. Kf2 Rh4 46. Ke3 Rh3+ 47. Kd2 Kf5 48. Kc2 Ke4 49. Kd2 Kd4 50. Ke2 Ke4 51. Kf2 Kf4 52. Ke2 Ra3 53. Kd2 Ke4 54. Ke1 Ke3 55. Kd1 Kd3 56. Kc1 Ra2 57. Kd1 Rh2 58. Kc1 Kc3 59. Kb1 Kb3 60. Kc1 Kc3 61. Kd1 Ra2 62. Ke1 Kd3 63. Kf1 Ke3 64. Kg1 Kf3 65. Kh1 Ra1+ 66. Kh2 Ra2+ 67. Kh3 Rg2 68. Kh4 Rg1 69. Kh5 Kf4 0-1

[Event "Cappelle Online Bullet op"]
[Site "Europe Echecs INT"]
[Date "2021.03.05"]
[Round "7"]
[White "Doucet, Pierre Alois"]
[Black "Staune, Jean"]
[Result "0-1"]
[WhiteElo "1008"]
[BlackElo "1719"]
[PlyCount "86"]
[EventDate "2021.03.05"]
[EventType "swiss (blitz)"]
[EventRounds "15"]
[EventCountry "FRA"]
[SourceTitle "EXT 2022"]
[Source "ChessBase"]
[SourceDate "2021.10.06"]
[SourceVersion "1"]
[SourceVersionDate "2021.10.06"]
[SourceQuality "1"]

1. c4 d5 2. cxd5 Qxd5 3. Nc3 Qd8 4. Nf3 g6 5. e4 Bg7 6. d4 e6 7. Bc4 Ne7 8. 0-0 0-0 9. Be3 b6 10. Qd3 Bb7 11. Nb5 c6 12. Nc3 Nd7 13. d5 cxd5 14. exd5 exd5 15. Nxd5 Nxd5 16. Bxd5 Bxd5 17. Qxd5 Bxb2 18. Rab1 Bg7 19. Bg5 Nf6 20. Bxf6 Qxd5 21. Bxg7 Kxg7 22. Rfd1 Qe6 23. Re1 Qxa2 24. Rbd1 Qc4 25. Ne5 Qc5 26. Rd7 Qb5 27. Rdd1 Rad8 28. Rxd8 Rxd8 29. Nf3 Qb4 30. Rf1 Rc8 31. g3 Rc2 32. Kg2 Qb2 33. Ng5 Rc1 34. Nh3 Rxf1 35. Kxf1 a5 36. Kg2 a4 37. Nf4 a3 38. Nd5 a2 39. Nxb6 a1Q 40. Nd7 Qbb1 41. Kf3 Qf1 42. Kg4 Qa4+ 43. Kf3 Qxd7 0-1